000 00356nam a22001457a 4500
003 OSt
008 250109b |||||||| |||| 00| 0 eng d
041 _aeng
082 _a631.3
_bSMI/FA
100 _aSmith, HP
_96899
245 _aFarm Machinery and Equipment
260 _aNewDelhi:
_bTata McGraw Hill,
_c1983.
700 _aWilkies, LH
_96900
942 _cBK
999 _c18996
_d18996